1628 1436 1914 1303 1441 1038 1525 1300 1677 1024 1024 1650 1559 1633 1848 1138 1795 1268 1656 1651 1677 1803 1083 1297 1562 1258 1480 1556 1253 1534 1388 1576 1247 1891 1417 2000 1231 1295 1905 1074 1914 1052 1240 1433 1798 1595 1640 1368 1015 1790 1801 1527 1592 1347 1414 1964 1755 1722 1624 1489 1122 1606 1254 1649 1233 1704 1228 1067 1052 1317 1837 1795 1296 1586 1671 1340 1158 1554 1921 1684 1642 1189 1618 1691 1671 1137 1288 1098 1448 1504 1760 1911 1791 1331 1668 1866 1402 1181 1311 BCNSPRNW ULIB Ver.6.0+V

เปลี่ยนเป็นภาษาไทย

Change to English
 แสดงรายละเอียดบรรณานุกรม
  กลับหน้าหลัก

Brief Record : Get Marc (ISO 2709) : E-mail record : QR code < ปิดหน้าต่าง
LEADER : 00000nam 2200000uu 4500
001    13399123129
003     ULIB
008    140325s2550||||th 000 0 tha d
020    9789748102146
099    นว.^bอ336ท
100 0  อรพิม
245 00 ทางแสงดาว^cอรพิม
260    กรุงเทพฯ:^bพิมพ์คำ,^c2550
300    408 หน้า
945    ^p240^l0^i022023
999    ^aเกษร โพธิ์สุวรรณ
รายการนี้ยังไม่มีแท็ก
คุณยังไม่ได้ล็อกอิน คุณสามารถมีกิจกรรมร่วมกับเว็บไซต์ได้ แต่ต้องล็อกอินก่อน ::
  ล็อกอิน

รายการสื่อสารสนเทศ

ลำดับที่ ประเภท เลขเรียก/บาร์โค้ด สถานที่ สถานะ
1. นวนิยาย
นวนิยาย
นว. อ336ท  
  Barcode: 022023
ห้องสมุดวิทยาเขตสวรรค์ประชารักษ์
►นวนิยาย
บนชั้น
  ขอยืม

รายการใกล้เคียง
    ผู้แต่ง [อรพิม]

BibComment


ยังไม่เคยถูกคอมเมนท์

คอมเมนท์ทรัพยากรรายการนี้
  คอมเมนท์: ทางแสงดาว อรพิม


 Copyright 2026. Bcnsprnw @Library